| 000 | 00368nam a22001337a 4500 | ||
|---|---|---|---|
| 020 | _a0838422837 | ||
| 082 |
_a428.24 _bMCC |
||
| 100 | _aMcCloskey, Mary Lou | ||
| 245 |
_aVoice in Literature / _cMary Lou McCloskey and Stack, Lydia |
||
| 260 |
_aBoston : _bHeinle & Heinle Publishers, _c1996. |
||
| 300 |
_a200p. ; _c24 cm. |
||
| 563 | _aHBK. | ||
| 942 |
_2ddc _cBK |
||
| 999 |
_c588624 _d588624 |
||